Sicherste Länder laut dem Gay Travel Index - Statistiken

Allgemein
  • Dieses Quiz wurde 329 mal gespielt
    24 seit der letzten Aktualisierung
  • Das Durchschnittsergebnis liegt bei 18 aus 23
Antwortstatistiken
Punkte Land % Korrekt
9 Dänemark
100%
12 Deutschland
100%
9 Finnland
100%
9 Österreich
100%
9 Schweden
100%
13 Spanien
100%
12 Belgien
95%
10 Frankreich
95%
14 Island
95%
12 Kanada
95%
9 Niederlande
95%
11 Norwegen
95%
11 Schweiz
95%
9 Luxemburg
91%
10 Australien
86%
12 Portugal
86%
11 Neuseeland
82%
9 Griechenland
77%
13 Malta
59%
10 Uruguay
36%
10 Chile
18%
9 Kolumbien
18%
9 Kuba
5%
Keine übereinstimmenden Quizze gefunden
Verteilung der Resultate
Anzahl Personen mit jedem Resultat
Perzentil nach korrekt beantworteten Fragen
Ihre Resultats-Entwicklung
Sie haben dieses Quiz seit der letzten Aktualisierung nicht gespielt